Escola d'Arts i Oficis 'Escola del Treball'
Descripción Física:
[4] p. : il. ; 22 cm
MARC
| LEADER | 00000nam a2200000Ia 4500 | ||
|---|---|---|---|
| 001 | 15066 | ||
| 003 | BGR | ||
| 005 | 20260324175219.0 | ||
| 008 | 160829s9999 xx 000 0 cat d | ||
| 080 | |a FU-33-66 | ||
| 110 | 2 | |a Escola d'Arts i Oficis (Barcelona, Catalunya) |9 55874 | |
| 245 | |a Escola d'Arts i Oficis 'Escola del Treball' | ||
| 260 | |a [Barcelona] : |b Diputació de Barcelona, Servei d'Ensenyament, DL 1984 | ||
| 300 | |a [4] p. : |b il. ; |c 22 cm | ||
| 610 | 2 | 0 | |a Escola d'Arts i Oficis (Barcelona, Catalunya) |9 55874 |
| 650 | |a Art |x Ensenyament |9 20850 | ||
| 710 | 1 | |a Barcelona (Catalunya : Província). |b Servei d'Ensenyament |9 54959 | |
| 901 | |a Arxiu | ||
| 942 | |n 1 |2 udc |c MON | ||
| 952 | |0 0 |1 0 |4 0 |6 FU3366 |7 1 |9 41711 |a Arxiu |b Arxiu |d 2016-12-01 |l 0 |o FU-33-66 |p 15066 |r 2016-12-01 00:00:00 |w 2016-12-01 |y ARXIU | ||
| 999 | |c 43601 |d 43601 | ||